000 00373nam a2200157Ia 4500
003 OSt
005 20240327162015.0
008 170524s9999 xx 000 0 und d
020 _a978-9352861897
040 _ciimtu meerut
100 _aWHEELEN- HUNGER
100 _c2005
245 0 _aSTRATEGIC MANAGEMENT AND BUSINESS POLICY
260 _aPEARSON EDU
942 _2ddc
_c02
999 _c2166
_d2166